|
|
|
|
| LEADER |
00000nam0a2200000 4500 |
| 001 |
72161 |
| 005 |
20231101212628.0 |
| 035 |
|
|
|a (RuTPU)RU\TPU\book\76925
|
| 090 |
|
|
|a 72161
|
| 100 |
|
|
|a 20050110d1974 m y0rusy50 ca
|
| 101 |
0 |
|
|a rus
|
| 102 |
|
|
|a RU
|
| 105 |
|
|
|a a j 001zy
|
| 200 |
1 |
|
|a Математические методы классической механики
|e учебное пособие для студентов университетов
|f В. И. Арнольд
|
| 210 |
|
|
|a Москва
|c Наука
|d 1974
|
| 215 |
|
|
|a 432 с.
|c ил.
|e черт.
|
| 320 |
|
|
|a Предметный указатель: с. 427-431.
|
| 606 |
|
|
|a Механика классическая
|2 stltpush
|3 (RuTPU)RU\TPU\subj\43571
|9 63058
|
| 606 |
|
|
|a Математика высшая
|2 stltpush
|3 (RuTPU)RU\TPU\subj\3986
|9 32308
|
| 610 |
1 |
|
|a теоретическая механика
|
| 610 |
1 |
|
|a математические методы
|
| 610 |
1 |
|
|a ньютоновская механика
|
| 610 |
1 |
|
|a Лагранжева механика
|
| 610 |
1 |
|
|a вариационный принцип
|
| 610 |
1 |
|
|a колебания
|
| 610 |
1 |
|
|a твердые тела
|
| 610 |
1 |
|
|a Гамильтонова механика
|
| 610 |
1 |
|
|a дифференциальные формы
|
| 610 |
1 |
|
|a симплектические многообразия
|
| 610 |
1 |
|
|a канонический формализм
|
| 610 |
1 |
|
|a возмущений теория
|
| 610 |
1 |
|
|a учебные пособия
|
| 675 |
|
|
|a 531(075.8)
|v 3
|
| 675 |
|
|
|a 51(075.8)
|v 3
|
| 700 |
|
1 |
|a Арнольд
|b В. И.
|g Владимир Игоревич
|
| 801 |
|
1 |
|a RU
|b 63413507
|c 20050110
|g PSBO
|
| 801 |
|
2 |
|a RU
|b 63413507
|c 20180115
|g PSBO
|
| 942 |
|
|
|c BK
|